000 00310nam a2200145Ia 4500
100 _aStill/Richard .R.
942 _cBK
654 _aSales Management
245 _aSales Management
260 _bPrentice-Hall of India
082 _a658.81
_bSTI/CUN/
300 _a608
546 _aENGLISH
999 _c30418
_d30418